| 000 | 00812cam a2200205 4500 | ||
|---|---|---|---|
| 001 | X103345 | ||
| 008 | 000000n1999 000 0 eng u | ||
| 035 | _a(Sirsi) u103345 | ||
| 245 | 4 | _aThe Dredging & Construction Co Ltd v Delta Civil Engineering Co Ltd | |
| 260 | _c1999 | ||
| 490 |
_aConstruction Industry Law Letter _v [1999] CILL 1553-1556 |
||
| 520 | _aT&CC 7 October 1999. Arbitrator's judgement on sub-contract issues touching and concerning the main contract. Clause 18(8) of the Blue Form. (Taken from journal headnote.) | ||
| 650 | _aTHE DREDGING & CONSTRUCTION CO LTD V DELTA CIVIL ENGINEERING CO LTD | ||
| 650 | _aICE FORM OF CONTRACT | ||
| 650 | _aFCEC FORM | ||
| 650 | _aFCEC BLUE FORM OF CONTRACT | ||
| 650 |
_aDISPUTE RESOLUTION _96236 |
||
| 690 | _aARBITRATION-CASE LAW | ||
| 942 | _n0 | ||
| 999 |
_c62111 _d62111 |
||